00310pab a2200121 454500008004000000100002000040245006700060260000900127300001200136362000900148650001200157773001900169180718b2014 xxu||||| |||| 00| 0 eng d aGiuffrida, Mike aUnleashing the power of talent analytics in federal government c2014 ap.7-10. aFall aTalents aPublic Manager